LEADER 00631nam a2200169 i 4500 001 000000216857 003 CaOOAMICUS 005 20121112000000.0 008 121112s1839 it u000 u ita u 013 $a195753 040 $aSeMil$bita 245 10$aTomo 10, Parte 1. 300 $a88 p. 773 0 $aVertua, Giovanni Battista$tScienza teologica, l'eminente scienza di Gesł Cristo.$dLodi : Tip. Orcesi : [poi]... Milano : Bernardoni, 1834-1839.$g10$w()27361 850 $aSeMil 852 $aSeMil$W1$xVenegono$y1$m2D II 82 FA$j167273$B167273$CSeMilBibl$Z2$F178059 $8I 996 $6245$aTomo 10, Parte 1$9(OLS)http://semarc/title/311719 LEADER 01067nam a2200217 i 4500 001 000000193935 003 CaOOAMICUS 005 20170215000000.0 008 170215s1984 it u000 u ita u 013 $a172579 040 $aSeMil$bita 245 10$aTesori dell'Accademia nella nuova Biblioteca dell'Istituto di storia e teoria dell'arte :$batti dell'Accademia di Brera, Milano, 7 dicembre 1984. 260 $a[S.l. :$bs.n.],$c1984. 300 $a18 p., [12] c. di tav. :$bill. ;$c33 cm. 500 $aEsemplare n. 170 di ed. numerata. 650 4$aMilano - Accademia di Belle Arti di Brera.$0(OLS)http://semarc/subject/46542 850 $aSeMil 852 $aSeMil$W1$xVenegono$y1$m5O X 18$j144509$B144509$CSeMilBibl$Z2$F216334 $81 961 $aOmaggio: Grampa dott. Cesare 996 $6245$aTesori dell'Accademia nella nuova Biblioteca dell'Istituto di storia e teoria dell'arte :$batti dell'Accademia di Brera, Milano, 7 dicembre 1984$9(OLS)http://semarc/title/409287 996 $6260$a[S.l. :$bs.n.]$9(OLS)http://semarc/publisher/29751